01696nam a2200385 a 4500001001000000003000500010005001700015008004100032010001100073011001100084040000900095090001000104100003900114245024000153260004100393500006000434502006100494590004100555590004100596590004100637590004100678590004100719590004000760650002800800650002900828650003400857650003100891856007000922901000700992942001000999942000601009999001901015952014001034952013601174000108763CHAP20220329144024.0140310s2012 mx sm |||||||spa d a105225 a106197 cCHAP aTesis1 aReyes González, Fernando912581410aEvaluación de productividad, calidad fisica del grano y sensorial de la bebida del café (coffea arabica l.) en cafetos injertados y propagados in vitro en el Cruo, en Huatusco, Veracruzh[En línea]cpor Fernando Reyes González. aChapingo, Méx. :bEl autor,c2012. aPara ver el contenido del material haga clic en la liga aTesis (Ing. Agr. Esp. en Fitotecnia) -- UACH. Fitotecnia aBATCH-UPDb10c20140324lUCH01h1536 aBATCH-UPDb10c20141002lUCH01h0857 aE11695DGDb10c20140311lUCH01h1039 aE11695DGDb10c20141006lUCH01h1309 aE11695DGDb10c20141006lUCH01h1311 aE5765TAJb05c20140310lUCH01h135514aCaféxCalidad.91711414aCaféxInjertos.91716014aCaféxPropagación.91719014aCaféxVariedades.917208 aFinding aiduhttp://10.13.5.2/tesis/sist108763.pdfzTeclea aquí aBK cTESIS n0 c105225d105225 00102local4053708TESISaBCbBCcPA_TESISd2014-03-10fTESISl0oTesisp33724002357629r2019-12-31 00:00:00tc.2w2019-12-31yTESIS 00104054718TESISaBCbBCd2014-03-10fTESISl0oTesisp33724002357660r2019-12-31 00:00:00w2019-12-31yTESISzRecien adquirido